000 00766na a2200277 4500
001 17890
003 MIRAKIL
005 20181213155223.0
008 170213b tu 000 0
035 _a17890
040 _aMilas
_btur
_cTR-AnCHP
041 _atur
082 _aSHP 320.5315
_bP34s [1993]
090 _aSHP 25
100 _aPekin, Hüseyin
245 _aOn soruda sosyal demokrasi el kitabı
_cHüseyin Pekin
246 _aSosyal demokrasi
260 _a[Ankara]
_b[yayl. y.]
_c[1993]
_fYorum Matbaası
300 _a26 s.
_c20 sm.
610 _aSHP
610 _aSosyalist Enternasyonal
650 _aSosyal demokrasi
_xFelsefe ve kuram
_yEl kitapları, vb.
650 _aSosyal demokrasi
_zTürkiye
942 _2ddc
_cBKS
999 _c8759
_d8759